| 000 | 00978nam a22002177a 4500 | ||
|---|---|---|---|
| 008 | 120329s2011 ua|||||r|||| 00| 0 ara d | ||
| 020 | _a9789773515998 | ||
| 082 |
_222 _a342.62 _bع ا ش |
||
| 100 |
_929504 _aعاشور، عصام |
||
| 245 |
_aالدساتير المصرية عبر التاريخ : _b1837-2001 (رحلة نضال) / _cعصام عاشور. |
||
| 250 | _aط. 1. | ||
| 260 |
_aالقاهرة : _bدار ميريت، _c2011. |
||
| 300 |
_a279 ص. ؛ _c24 سم. |
||
| 650 |
_929505 _aالقانون الدستورى _zمصر |
||
| 650 |
_929505 _aالقانون الدستورى _zمصر |
||
| 650 |
_929506 _aالتعديلات الدستورية |
||
| 651 |
_929507 _aمصر _xقوانين |
||
| 653 |
_bAra _cMarch2012 |
||
| 942 |
_2ddc _cBB |
||
| 999 |
_c16617 _d16617 |
||